000 00340nam a22001457a 4500
003 OSt
005 20160727222523.0
008 160709b xxu||||| |||| 00| 0 eng d
040 _cTEST
100 _92504
_a Kumar, K
245 _aLibrary Organisation
260 _aN.D
_b Vikas
_c2005
300 _aLibrary Organisation
942 _2ddc
_cBK
999 _c2171
_d2171